[Event "POL-chT 2nd League"]
[Site "Poronin"]
[Date "2020.09.08"]
[Round "4.10"]
[White "Kudas, Damian"]
[Black "Kukula, Pawel"]
[Result "0-1"]
[WhiteElo "2132"]
[BlackElo "2184"]
[PlyCount "78"]
[EventDate "2020.09.05"]
[EventType "team-swiss"]
[EventRounds "9"]
[EventCountry "POL"]
[SourceTitle "CBM 198 Extra"]
[Source "ChessBase"]
[SourceDate "2020.11.30"]
[SourceVersion "1"]
[SourceVersionDate "2020.11.30"]
[SourceQuality "1"]
[WhiteTeam "Myslenice MLKSz"]
[BlackTeam "Grudziadz Rotmistrz"]
[WhiteTeamCountry "POL"]
[BlackTeamCountry "POL"]

1. d4 Nf6 2. Nf3 e6 3. c4 c5 4. d5 exd5 5. cxd5 Bd6 6. g3 Bc7 7. Bg2 d6 8. Nc3 a6 9. a4 0-0 10. 0-0 Nbd7 11. h3 Re8 12. Re1 Rb8 13. Qd3 Nf8 14. e4 Ng6 15. Rb1 Ba5 16. Bd2 b5 17. b3 Bd7 18. Bf1 h6 19. Kh2 Qb6 20. Kg2 Re7 21. Qc2 Rbe8 22. Bd3 Bb4 23. Na2 Bxd2 24. Nxd2 Nxd5 25. Red1 Nf6 26. axb5 axb5 27. Nc3 Bc6 28. f3 d5 29. exd5 Nxd5 30. Nxd5 Bxd5 31. Ne4 Ne5 32. Bf1 Qc6 33. Rxd5 Qxd5 34. Rd1 Qb7 35. Qxc5 Nxf3 36. Nd6 Re2+ 37. Bxe2 Nh4+ 38. Kf2 Qg2+ 39. Ke1 Rxe2# 0-1

[Event "POL-chT 2nd League"]
[Site "Jastrzebia Gora"]
[Date "2019.09.12"]
[Round "6.10"]
[White "Kumala, Aleksander"]
[Black "Kudas, Damian"]
[Result "1-0"]
[WhiteElo "2203"]
[BlackElo "2115"]
[PlyCount "109"]
[EventDate "2019.09.07"]
[EventType "team-swiss"]
[EventRounds "9"]
[EventCountry "POL"]
[SourceTitle "EXT 2020"]
[Source "ChessBase"]
[SourceDate "2019.10.17"]
[SourceVersion "1"]
[SourceVersionDate "2019.10.17"]
[SourceQuality "1"]
[WhiteTeam "Debica Gryf"]
[BlackTeam "Myslenice MLKSz"]
[WhiteTeamCountry "POL"]
[BlackTeamCountry "POL"]

1. e4 c5 2. Nf3 Nc6 3. d3 e6 4. g3 Nf6 5. Bg2 d5 6. e5 Nd7 7. Qe2 Be7 8. 0-0 0-0 9. c4 dxc4 10. dxc4 Qc7 11. Bf4 Rd8 12. Rd1 b6 13. Nc3 Bb7 14. h4 h6 15. Qe3 a6 16. h5 Nf8 17. Ne4 Rxd1+ 18. Rxd1 Rd8 19. Nd6 Bxd6 20. exd6 Qd7 21. Qb3 Na5 22. Qxb6 Nxc4 23. Qxc5 Nxb2 24. Ne5 Qb5 25. Qxb5 axb5 26. Rb1 Bxg2 27. Kxg2 Nc4 28. Nc6 Rd7 29. Rxb5 Nxd6 30. Bxd6 Rxd6 31. Ne7+ Kh7 32. Rb8 Nd7 33. Rd8 Rd3 34. a4 Nc5 35. Rxd3 Nxd3 36. a5 Nb4 37. Kf3 g6 38. Ke4 Kg7 39. Kd4 Kf6 40. Kc4 Kxe7 41. Kxb4 Kd6 42. hxg6 fxg6 43. Kc4 e5 44. Kd3 h5 45. Ke4 g5 46. a6 Kc6 47. Kxe5 h4 48. gxh4 gxh4 49. Kf4 Kb6 50. Kg4 Kxa6 51. Kxh4 Kb6 52. Kg5 Kc6 53. Kf6 Kd7 54. f4 Ke8 55. Kg7 1-0

[Event "POL-chT 2nd League"]
[Site "Jastrzebia Gora"]
[Date "2016.09.08"]
[Round "6.50"]
[White "Tustanowski, Robert"]
[Black "Kudas, Damian"]
[Result "1/2-1/2"]
[WhiteElo "2211"]
[BlackElo "2135"]
[PlyCount "98"]
[EventDate "2016.09.03"]
[EventType "team-swiss"]
[EventRounds "9"]
[EventCountry "POL"]
[SourceTitle "EXT 2017"]
[Source "ChessBase"]
[SourceDate "2016.10.25"]
[SourceVersion "1"]
[SourceVersionDate "2016.10.25"]
[SourceQuality "1"]
[WhiteTeam "Prudnik LKS Zarzewie"]
[BlackTeam "Myslenice MLKSz"]
[WhiteTeamCountry "POL"]
[BlackTeamCountry "POL"]

1. e4 c5 2. Nf3 e6 3. d3 Nc6 4. g3 Nf6 5. Bg2 d5 6. Qe2 Be7 7. 0-0 0-0 8. e5 Nd7 9. c4 a6 10. Re1 b5 11. Bf4 Nb6 12. b3 Rb8 13. Nbd2 Bb7 14. h4 bxc4 15. dxc4 a5 16. cxd5 Nxd5 17. Bg5 a4 18. Rec1 Qa5 19. Bxe7 Ncxe7 20. Ne4 Ba6 21. Qd2 Qxd2 22. Nfxd2 Rfd8 23. Nxc5 Nb4 24. Nde4 Bd3 25. Nd6 a3 26. f4 Nf5 27. Nxf5 Bxf5 28. Be4 Rd2 29. Bxf5 exf5 30. Rc4 g6 31. h5 Kg7 32. e6 fxe6 33. Nxe6+ Kf6 34. Ng5 gxh5 35. Re1 Rb7 36. Re6+ Kg7 37. Nf3 Rxa2 38. Nd4 Ra1+ 39. Kg2 a2 40. Nxf5+ Kf7 41. Rce4 Rg1+ 42. Kxg1 a1Q+ 43. Kh2 Rd7 44. Nh6+ Kg7 45. Nf5+ Kf7 46. Nh6+ Kf8 47. Re8+ Kg7 48. Rg8+ Kf6 49. Rf8+ Kg7 1/2-1/2

[Event "POL-chT 2nd League"]
[Site "Jastrzebia Gora"]
[Date "2016.09.04"]
[Round "2.74"]
[White "Karwowski, Kacper"]
[Black "Kudas, Damian"]
[Result "1-0"]
[WhiteElo "2245"]
[BlackElo "2135"]
[PlyCount "143"]
[EventDate "2016.09.03"]
[EventType "team-swiss"]
[EventRounds "9"]
[EventCountry "POL"]
[SourceTitle "EXT 2017"]
[Source "ChessBase"]
[SourceDate "2016.10.25"]
[SourceVersion "1"]
[SourceVersionDate "2016.10.25"]
[SourceQuality "1"]
[WhiteTeam "Grzybowo GKSz Solny"]
[BlackTeam "Myslenice MLKSz"]
[WhiteTeamCountry "POL"]
[BlackTeamCountry "POL"]

1. e4 c5 2. Nf3 d6 3. d4 cxd4 4. Nxd4 Nf6 5. Nc3 Nc6 6. Bg5 e6 7. Qd2 a6 8. 0-0-0 Bd7 9. f4 b5 10. Bxf6 gxf6 11. Kb1 b4 12. Nce2 Qb6 13. Nxc6 Bxc6 14. f5 e5 15. Ng3 Qc5 16. Nh5 Ke7 17. Qe2 Bh6 18. h4 Rhg8 19. Rh3 a5 20. g4 Rac8 21. Qg2 Be3 22. g5 fxg5 23. f6+ Kd8 24. Ng7 Bd7 25. Rg3 Bf2 26. c4 Bxg3 27. Qxg3 g4 28. Rd5 Qb6 29. Be2 h5 30. Nxh5 Rg6 31. Ng7 Rxf6 32. Nf5 Rxf5 33. exf5 Bxf5+ 34. Ka1 Be6 35. Rd1 Ke7 36. h5 Rg8 37. h6 f6 38. Qd3 f5 39. Qg3 Kf7 40. Qh4 Qe3 41. Qh5+ Kf6 42. h7 Rh8 43. Kb1 Qxe2 44. Qh6+ Kf7 45. Qh5+ Ke7 46. Qg5+ Kd7 47. Qg7+ Kc6 48. Rc1 Rxh7 49. Qxh7 f4 50. Qg6 Kd7 51. Qg7+ Kc6 52. Qf8 Qe4+ 53. Ka1 Qe3 54. Qa8+ Kb6 55. c5+ dxc5 56. Rd1 Qd4 57. Rxd4 exd4 58. Qe8 Bd5 59. Qb8+ Kc6 60. Qxf4 Bf3 61. Qf5 a4 62. b3 axb3 63. axb3 Kb5 64. Kb2 Be2 65. Qd7+ Ka5 66. Qe7 d3 67. Qxc5+ Ka6 68. Qxb4 g3 69. Kc3 g2 70. Qd6+ Ka7 71. Qc7+ Ka8 72. Qc6+ 1-0

[Event "POL-chT 1st League"]
[Site "Jastrzebia Gora"]
[Date "2015.09.10"]
[Round "6.28"]
[White "Kudas, Damian"]
[Black "Sabuk, Piotr"]
[Result "0-1"]
[WhiteElo "2120"]
[BlackElo "2333"]
[PlyCount "92"]
[EventDate "2015.09.05"]
[EventType "team-tourn"]
[EventRounds "9"]
[EventCountry "POL"]
[SourceTitle "EXT 2016"]
[Source "ChessBase"]
[SourceDate "2015.10.08"]
[SourceVersion "1"]
[SourceVersionDate "2015.10.08"]
[SourceQuality "1"]
[WhiteTeam "Myslenice"]
[BlackTeam "Legnica Miedz"]
[WhiteTeamCountry "POL"]
[BlackTeamCountry "POL"]

1. d4 d5 2. c4 e6 3. Nc3 Be7 4. Nf3 Nf6 5. Bg5 h6 6. Bxf6 Bxf6 7. e3 0-0 8. Qc2 c5 9. dxc5 dxc4 10. Bxc4 Nd7 11. 0-0 Nxc5 12. Rfd1 Qa5 13. Rac1 b6 14. a3 Bxc3 15. Qxc3 Qxc3 16. Rxc3 Bb7 17. Ne5 Rfd8 18. Rcc1 Kf8 19. f3 f6 20. Nd3 Nxd3 21. Rxd3 Ke7 22. Kf2 Rac8 23. Rxd8 Kxd8 24. Rc2 Ke7 25. Bd3 Rxc2+ 26. Bxc2 g5 27. e4 Kd6 28. b4 Ke5 29. Ke3 f5 30. exf5 exf5 31. Kd3 h5 32. Bd1 Ba6+ 33. Kc3 Kf4 34. Kd4 h4 35. a4 Bf1 36. g3+ hxg3 37. hxg3+ Kxg3 38. Ke5 f4 39. Kf5 Bg2 40. Kxg5 Bxf3 41. Bc2 Be2 42. Be4 f3 43. Bxf3 Kxf3 44. Kf5 Ke3 45. Ke5 Kd3 46. a5 Kc4 0-1

[Event "POL-chT 1st League"]
[Site "Jastrzebia Gora"]
[Date "2015.09.09"]
[Round "5.11"]
[White "Kudas, Damian"]
[Black "Tomaszewski, Roman"]
[Result "1/2-1/2"]
[WhiteElo "2120"]
[BlackElo "2315"]
[PlyCount "66"]
[EventDate "2015.09.05"]
[EventType "team-tourn"]
[EventRounds "9"]
[EventCountry "POL"]
[SourceTitle "EXT 2016"]
[Source "ChessBase"]
[SourceDate "2015.10.08"]
[SourceVersion "1"]
[SourceVersionDate "2015.10.08"]
[SourceQuality "1"]
[WhiteTeam "Myslenice"]
[BlackTeam "Czestochowa Hetman"]
[WhiteTeamCountry "POL"]
[BlackTeamCountry "POL"]

1. d4 Nf6 2. c4 g6 3. Nc3 d5 4. Nf3 Bg7 5. Qb3 dxc4 6. Qxc4 0-0 7. e4 c6 8. Be2 Nfd7 9. 0-0 Nb6 10. Qd3 Bg4 11. Be3 N8d7 12. Rfd1 e6 13. h3 Bxf3 14. Bxf3 f5 15. Bf4 e5 16. dxe5 Nxe5 17. Bxe5 Qxd3 18. Rxd3 Bxe5 19. exf5 Rxf5 20. Bg4 Rff8 21. Re1 Bf6 22. b3 Bxc3 23. Rxc3 Rfe8 24. Rce3 Rxe3 25. Rxe3 Kf8 26. Rf3+ Ke7 27. Re3+ Kf6 28. Rf3+ Ke7 29. Re3+ Kf6 30. Rf3+ Ke7 31. Re3+ Kf6 32. Rf3+ Ke7 33. Re3+ Kf6 1/2-1/2

[Event "POL-chT 1st League"]
[Site "Jastrzebia Gora"]
[Date "2015.09.08"]
[Round "4.22"]
[White "Kudas, Damian"]
[Black "Raszka, Janusz"]
[Result "0-1"]
[WhiteElo "2120"]
[BlackElo "2119"]
[PlyCount "70"]
[EventDate "2015.09.05"]
[EventType "team-tourn"]
[EventRounds "9"]
[EventCountry "POL"]
[SourceTitle "EXT 2016"]
[Source "ChessBase"]
[SourceDate "2015.10.08"]
[SourceVersion "1"]
[SourceVersionDate "2015.10.08"]
[SourceQuality "1"]
[WhiteTeam "Myslenice"]
[BlackTeam "Pawlowice Gminy"]
[WhiteTeamCountry "POL"]
[BlackTeamCountry "POL"]

1. d4 d5 2. c4 dxc4 3. e4 e5 4. Nf3 Bb4+ 5. Bd2 Bxd2+ 6. Nbxd2 exd4 7. Bxc4 Nc6 8. 0-0 Qf6 9. e5 Qg6 10. Qb3 Nge7 11. Rfe1 0-0 12. Bd3 Qh5 13. Re4 Ng6 14. Nf1 Rb8 15. Ng3 Qh6 16. Rd1 Be6 17. Qa4 a6 18. Ree1 Rbd8 19. a3 Bg4 20. Be4 Bxf3 21. Bxf3 Ngxe5 22. Be4 Qf6 23. Rd2 g6 24. Red1 Qe6 25. Rc1 f5 26. Bc2 Kg7 27. Bb3 Qf6 28. Ne2 d3 29. Nf4 Rd4 30. Ne6+ Qxe6 31. Qxd4 Nxd4 32. Bxe6 Ne2+ 33. Rxe2 dxe2 34. Re1 Rd8 35. Bb3 Rd2 0-1

[Event "POL-chT2"]
[Site "Poronin"]
[Date "2013.09.14"]
[Round "8.70"]
[White "Walaszczyk, Witold"]
[Black "Kudas, Damian"]
[Result "1/2-1/2"]
[WhiteElo "2196"]
[BlackElo "2067"]
[PlyCount "68"]
[EventDate "2013.09.06"]
[EventType "team-swiss"]
[EventRounds "9"]
[EventCountry "POL"]
[SourceTitle "EXT 2015"]
[Source "ChessBase"]
[SourceDate "2014.11.20"]
[SourceVersion "1"]
[SourceVersionDate "2014.11.20"]
[SourceQuality "1"]
[WhiteTeam "Konin Hetman"]
[BlackTeam "Myslenice MLKSz"]
[WhiteTeamCountry "POL"]
[BlackTeamCountry "POL"]

1. d4 d5 2. Nf3 Nf6 3. c4 c6 4. g3 Bf5 5. Bg2 e6 6. 0-0 h6 7. Nc3 Nbd7 8. Nd2 Be7 9. e4 dxe4 10. Ndxe4 0-0 11. Bf4 Nxe4 12. Nxe4 Nf6 13. Nc3 Qb6 14. Na4 Qb4 15. Rc1 Rac8 16. a3 Qa5 17. b4 Qa6 18. Qb3 b5 19. Nc5 Qb6 20. Rfe1 bxc4 21. Qxc4 Rfd8 22. Bf1 Nd5 23. Ne4 Qb7 24. Qa6 Qxa6 25. Bxa6 Nxf4 26. Bxc8 Nh3+ 27. Kg2 Rxc8 28. d5 Ng5 29. f3 Rd8 30. h4 Rxd5 31. hxg5 Rd2+ 32. Kh1 Bxg5 33. Rxc6 Rd4 34. g4 Bg6 1/2-1/2

[Event "POL-chT2"]
[Site "Poronin"]
[Date "2013.09.10"]
[Round "4.64"]
[White "Kudas, Damian"]
[Black "Zebracki, Tomasz"]
[Result "1/2-1/2"]
[WhiteElo "2067"]
[BlackElo "2029"]
[PlyCount "120"]
[EventDate "2013.09.06"]
[EventType "team-swiss"]
[EventRounds "9"]
[EventCountry "POL"]
[SourceTitle "EXT 2015"]
[Source "ChessBase"]
[SourceDate "2014.11.20"]
[SourceVersion "1"]
[SourceVersionDate "2014.11.20"]
[SourceQuality "1"]
[WhiteTeam "Myslenice MLKSz"]
[BlackTeam "Bydgoszcz SSz Pocztowiec"]
[WhiteTeamCountry "POL"]
[BlackTeamCountry "POL"]

1. d4 e6 2. c4 b6 3. Nf3 Bb7 4. g3 Nf6 5. Bg2 c5 6. 0-0 cxd4 7. Nxd4 Bxg2 8. Kxg2 Nc6 9. Nb5 Rc8 10. N1c3 a6 11. Nd6+ Bxd6 12. Qxd6 Qe7 13. Bf4 Qxd6 14. Bxd6 Na5 15. b3 b5 16. cxb5 Rxc3 17. Bb4 Rc8 18. Rfc1 Nc6 19. bxc6 Rxc6 20. Rxc6 dxc6 21. Rd1 Nd5 22. Bc5 f5 23. f3 Kf7 24. e4 fxe4 25. fxe4 Nf6 26. Kf3 Rc8 27. Rd4 h6 28. Rb4 Rd8 29. Rb6 Rd3+ 30. Be3 Rc3 31. Rxa6 g5 32. h3 h5 33. g4 hxg4+ 34. hxg4 Kg6 35. Ra5 e5 36. Rc5 Rxc5 37. Bxc5 Kf7 38. Be3 Nh7 39. a4 Ke6 40. a5 Kd6 41. b4 Kc7 42. Bc5 Nf6 43. Be7 Nh7 44. Ke3 Kc8 45. Kd3 Kd7 46. Kc4 Kxe7 47. a6 Nf6 48. a7 Nd7 49. a8Q Nb6+ 50. Kc5 Nxa8 51. Kxc6 Kd8 52. Kd6 Nc7 53. Kxe5 Ke7 54. Kf5 Ne6 55. Kg6 Kd6 56. Kf6 Kd7 57. e5 Nd4 58. Kxg5 Ke6 59. Kh6 Kxe5 60. g5 Nf3 1/2-1/2

[Event "Krakow op-B 23rd"]
[Site "Krakow"]
[Date "2013.01.03"]
[Round "8"]
[White "Kudas, Damian"]
[Black "Mielczarek, Daniel"]
[Result "1/2-1/2"]
[WhiteElo "2083"]
[BlackElo "1975"]
[PlyCount "102"]
[EventDate "2012.12.27"]
[EventType "swiss"]
[EventRounds "9"]
[EventCountry "POL"]
[SourceTitle "CBM 152 Extra"]
[Source "ChessBase"]
[SourceDate "2013.02.25"]
[SourceVersion "1"]
[SourceVersionDate "2013.02.25"]
[SourceQuality "1"]

1. d4 Nf6 2. Nf3 d5 3. c4 e6 4. Nc3 Be7 5. Bg5 0-0 6. e3 Nbd7 7. Qc2 h6 8. h4 dxc4 9. Bxc4 Nb6 10. Bd3 Nfd5 11. Bxe7 Qxe7 12. 0-0-0 Nb4 13. Qe2 Nxd3+ 14. Qxd3 c5 15. g4 Bd7 16. Ne5 cxd4 17. Qxd4 Rfd8 18. Qf4 Rac8 19. Kb1 Bc6 20. Rxd8+ Rxd8 21. Nxc6 bxc6 22. g5 h5 23. Rg1 g6 24. Ne4 Nd5 25. Qe5 Qc7 26. Qxc7 Nxc7 27. Rc1 Nd5 28. Rxc6 Ne7 29. Rd6 Rb8 30. Nf6+ Kg7 31. e4 Ng8 32. Nxg8 Kxg8 33. Rd7 Rb4 34. f3 a5 35. Ra7 Rd4 36. Kc2 Ra4 37. a3 Rc4+ 38. Kd2 Rd4+ 39. Ke3 Ra4 40. Kd3 Kf8 41. Rc7 e5 42. Rc4 Rxc4 43. Kxc4 f6 44. gxf6 g5 45. Kd3 gxh4 46. Ke3 a4 47. f4 h3 48. Kf3 exf4 49. e5 Kf7 50. Kf2 Ke6 51. Kf3 Kf7 1/2-1/2

[Event "Kochan Memorial op 23rd"]
[Site "Koszalin"]
[Date "2012.08.13"]
[Round "3"]
[White "Kudas, Damian"]
[Black "Watorek, Marcin"]
[Result "1/2-1/2"]
[WhiteElo "2098"]
[BlackElo "2154"]
[PlyCount "52"]
[EventDate "2012.08.11"]
[EventType "swiss"]
[EventRounds "9"]
[EventCountry "POL"]
[SourceTitle "CBM 149 Extra"]
[Source "ChessBase"]
[SourceDate "2012.08.24"]
[SourceVersion "1"]
[SourceVersionDate "2012.08.24"]
[SourceQuality "1"]

1. e4 c6 2. c4 e6 3. Nc3 d5 4. d4 dxe4 5. Nxe4 Bb4+ 6. Bd2 Qxd4 7. Bxb4 Qxe4+ 8. Be2 Na6 9. Bd6 Qxg2 10. Qd2 e5 11. Bxe5 Bf5 12. Bf3 Qg6 13. 0-0-0 Nc5 14. Qe3 Bb1 15. Rd2 Bxa2 16. Bd6+ Ne6 17. Be4 Qh6 18. f4 Nf6 19. Nf3 Bxc4 20. Re1 0-0-0 21. Bxc6 bxc6 22. Qxa7 Rxd6 23. Qa8+ Kc7 24. Qa7+ Kc8 25. Qa8+ Kc7 26. Qa7+ Kc8 1/2-1/2

[Event "Kochan Memorial op 23rd"]
[Site "Koszalin"]
[Date "2012.08.11"]
[Round "1"]
[White "Kudas, Damian"]
[Black "Weichhold, Pawel"]
[Result "1/2-1/2"]
[WhiteElo "2098"]
[BlackElo "2365"]
[PlyCount "318"]
[EventDate "2012.08.11"]
[EventType "swiss"]
[EventRounds "9"]
[EventCountry "POL"]
[SourceTitle "CBM 149 Extra"]
[Source "ChessBase"]
[SourceDate "2012.08.24"]
[SourceVersion "1"]
[SourceVersionDate "2012.08.24"]
[SourceQuality "1"]

1. d4 Nf6 2. Nf3 g6 3. c4 Bg7 4. Nc3 0-0 5. e4 d6 6. Be2 c5 7. 0-0 cxd4 8. Nxd4 Nc6 9. Be3 Bd7 10. Qd2 Nxd4 11. Bxd4 Bc6 12. f3 a5 13. Nd5 Nd7 14. Bxg7 Kxg7 15. Qd4+ e5 16. Qd2 Bxd5 17. Qxd5 Qb6+ 18. Rf2 Nc5 19. Rd1 Rad8 20. Bd3 Ne6 21. Bf1 Nd4 22. f4 f6 23. Kh1 Rf7 24. Rfd2 Rc8 25. Rxd4 exd4 26. Qxd4 Qxd4 27. Rxd4 Re7 28. g4 Rc6 29. Bd3 Rb6 30. b3 Rc7 31. Bc2 Kf8 32. Kg2 Ke7 33. Kf3 Rc5 34. h4 Rbc6 35. Bd3 h6 36. Be2 Rc8 37. Rd1 Rf8 38. Bd3 h5 39. Rg1 hxg4+ 40. Rxg4 Kf7 41. f5 Rh8 42. fxg6+ Kg7 43. Kg3 Re5 44. Kf4 Rh6 45. Be2 Rh8 46. Bd3 Rhh5 47. Kg3 Rh6 48. Bc2 Rhh5 49. Bd1 Rh6 50. Be2 a4 51. bxa4 Ra5 52. Bd1 Rc5 53. Be2 Rc6 54. Kf4 Rb6 55. Kf5 Rh5+ 56. Kf4 Rb2 57. Ke3 Rh6 58. Bf3 Rxa2 59. Kd4 Rxa4 60. Kd5 Ra6 61. Rg2 Rxh4 62. Rb2 Kxg6 63. Rxb7 Rf4 64. Rb3 Rh4 65. Be2 Rh2 66. Re3 Rb6 67. c5 dxc5 68. Kxc5 Re6 69. Rg3+ Kh6 70. Bd3 Ra2 71. Bc4 Ra5+ 72. Kd4 Rd6+ 73. Bd5 Rb6 74. Rg8 Ra1 75. Kc5 Rba6 76. Kd4 Re1 77. Kd3 Ra3+ 78. Kc4 Ra4+ 79. Kc3 Kh5 80. Bf7+ Kh4 81. Rg6 Rc1+ 82. Kd3 Ra3+ 83. Ke2 Rb1 84. Kd2 Rb2+ 85. Kc1 Re2 86. Rh6+ Kg5 87. Rg6+ Kf4 88. Rxf6+ Ke3 89. Kb1 Rd3 90. Rc6 Rd1+ 91. Rc1 Rdd2 92. Rc3+ Kxe4 93. Bg6+ Kf4 94. Bc2 Rd8 95. Kb2 Rh2 96. Rb3 Rg8 97. Rc3 Ra8 98. Rb3 Rh1 99. Ra3 Rd8 100. Rd3 Re8 101. Rc3 Rh2 102. Rd3 Rb8+ 103. Rb3 Rd8 104. Rc3 Rd4 105. Kb3 Ke5 106. Re3+ Kd5 107. Rd3 Kc5 108. Rxd4 Kxd4 109. Bf5 Rh5 110. Bg6 Rg5 111. Bh7 Rg3+ 112. Kc2 Rg7 113. Bf5 Rc7+ 114. Kb2 Rc5 115. Bg6 Rg5 116. Bf7 Rg3 117. Be6 Rg7 118. Bf5 Re7 119. Bg6 Kc4 120. Bh5 Rg7 121. Be8 Rg2+ 122. Kc1 Kd3 123. Bb5+ Kd4 124. Be8 Rh2 125. Bf7 Re2 126. Kd1 Rf2 127. Be8 Kc3 128. Bg6 Rd2+ 129. Ke1 Rg2 130. Bf5 Kd4 131. Bc8 Ke3 132. Kd1 Rd2+ 133. Kc1 Kd3 134. Bf5+ Kc3 135. Kb1 Rf2 136. Be6 Rb2+ 137. Ka1 Rb6 138. Bf7 Kc2 139. Ba2 Rc6 140. Bb1+ Kc3 141. Ba2 Ra6 142. Kb1 Ra7 143. Be6 Kd2 144. Bg4 Rc7 145. Bf5 Rb7+ 146. Ka2 Kc3 147. Be4 Rb2+ 148. Ka1 Kb3 149. Bd5+ Ka3 150. Be4 Rb4 151. Bf5 Rf4 152. Bg6 Kb3 153. Bh7 Rf1+ 154. Bb1 Rf8 155. Ba2+ Ka3 156. Bb1 Rb8 157. Bf5 Ra8 158. Kb1 Rf8 159. Be4 Rf7 1/2-1/2

[Event "Zlota Wieze 50"]
[Site "Pultusk"]
[Date "2008.07.05"]
[Round "9.5"]
[White "Chrabaszcz, Dariusz"]
[Black "Kudas, Damian"]
[Result "0-1"]
[WhiteElo "1608"]
[BlackElo "2031"]
[PlyCount "84"]
[EventDate "2008.06.30"]
[EventType "team"]
[EventRounds "9"]
[EventCountry "POL"]
[SourceTitle "EXT 2020"]
[Source "ChessBase"]
[SourceDate "2019.10.17"]
[SourceVersion "1"]
[SourceVersionDate "2019.10.17"]
[SourceQuality "1"]

1. e4 c5 2. Nc3 e6 3. f4 Nc6 4. Nf3 Nf6 5. a4 d5 6. e5 Nd7 7. d3 Be7 8. Bd2 0-0 9. g3 a6 10. Bg2 Rb8 11. Rb1 b5 12. axb5 axb5 13. 0-0 Ba6 14. Kh1 b4 15. Ne2 b3 16. Be1 Qb6 17. c3 f6 18. exf6 Bxf6 19. Bf2 d4 20. c4 Rfe8 21. Nd2 Nb4 22. Ne4 Nc2 23. Qd2 Bb7 24. Ng1 e5 25. Nh3 exf4 26. Nxf4 Be5 27. Be1 Ne3 28. Rf2 Bxf4 29. Rxf4 Nxg2 30. Kxg2 Nf6 31. Qe2 Nxe4 32. dxe4 Rxe4 33. Rxe4 Re8 34. Kg1 Rxe4 35. Qh5 Qc6 36. Qd5+ Qxd5 37. cxd5 Bxd5 38. Ba5 Re2 39. Bb6 Rc2 40. Bc7 Rg2+ 41. Kf1 Rxh2 42. Kg1 Rh1+ 0-1

[Event "Krakow op-B"]
[Site "Krakow"]
[Date "2005.12.27"]
[Round "1"]
[White "Kudas, Damian"]
[Black "Flis, Pawel"]
[Result "0-1"]
[WhiteElo "1801"]
[BlackElo "2087"]
[PlyCount "115"]
[EventDate "2005.12.27"]
[EventType "swiss"]
[EventRounds "9"]
[EventCountry "POL"]
[SourceTitle "CBM 110 Extra"]
[Source "ChessBase"]
[SourceDate "2006.03.10"]
[SourceVersion "2"]
[SourceVersionDate "2006.03.10"]
[SourceQuality "1"]

1. Nf3 Nf6 2. d4 g6 3. c4 Bg7 4. Nc3 0-0 5. e4 d6 6. Be3 Na6 7. Bd3 e5 8. h3 c6 9. 0-0 Qe7 10. Nd2 Nd7 11. Nb3 exd4 12. Bxd4 Ne5 13. f4 Nxd3 14. Bxg7 Kxg7 15. Qxd3 Kg8 16. f5 Nc5 17. Nxc5 dxc5 18. Qd2 Rd8 19. f6 Qxf6 20. Qe2 Qe5 21. Rad1 Be6 22. Kh1 Rd4 23. b3 Rad8 24. Rfe1 Qg3 25. Na4 b6 26. Nb2 Qc3 27. Na4 Qg3 28. Nb2 Kg7 29. Rf1 Qh4 30. Qf3 R8d7 31. Rfe1 Rd2 32. Rf1 Rxd1 33. Rxd1 Rxd1+ 34. Nxd1 h5 35. Nf2 Qf6 36. Qe2 Qa1+ 37. Kh2 Qe5+ 38. Kg1 Qd4 39. Kh1 b5 40. Nd3 bxc4 41. Nf4 Qa1+ 42. Kh2 Qe5 43. g3 h4 44. Nxe6+ fxe6 45. bxc4 Qxg3+ 46. Kh1 Qxh3+ 47. Kg1 Qg3+ 48. Kf1 h3 49. Qb2+ Kh7 50. Qb7+ Kh6 51. Qc8 Qf3+ 52. Ke1 Qxe4+ 53. Kf2 Qf4+ 54. Ke1 h2 55. Qh8+ Kg5 56. Qd8+ Kh5 57. Qh8+ Kg4 58. Kd1 0-1

[Event "Krakow op-D"]
[Site "Krakow"]
[Date "2003.12.31"]
[Round "6"]
[White "Kudas, Damian"]
[Black "Kus, Sabina"]
[Result "1-0"]
[WhiteElo "1600"]
[BlackElo "1800"]
[PlyCount "41"]
[EventDate "2003.12.27"]
[EventType "swiss"]
[EventRounds "9"]
[EventCountry "POL"]
[SourceTitle "EXT 2006"]
[Source "ChessBase"]
[SourceDate "2005.11.24"]
[SourceVersion "1"]
[SourceVersionDate "2005.11.24"]
[SourceQuality "1"]

1. e4 e5 2. Nf3 Nc6 3. Bb5 f5 4. Bxc6 bxc6 5. d3 d6 6. h3 Nf6 7. Nc3 Be7 8. Bg5 f4 9. d4 h6 10. Bxf6 gxf6 11. d5 c5 12. Nd2 h5 13. Qf3 Ba6 14. Nb3 Qd7 15. Rg1 0-0-0 16. Na5 Rhg8 17. Nc6 Kb7 18. Ne2 Ka8 19. Qa3 f3 20. Qxa6 fxe2 21. Qxa7# 1-0